000 00434nam a22001337a 4500
020 _a9780349118826
082 _a330.951
100 _aWill Hutton
245 _aThe writing on the wall China and the west in the 21st century
260 _aLondon
_bAbacus
_c2007
300 _a436p
942 _cBK
999 _c3009
_d3009